|
|
|
|
| LEADER |
00000nam0a2200000 4500 |
| 001 |
21287 |
| 005 |
20231101205422.0 |
| 035 |
|
|
|a (RuTPU)RU\TPU\book\21485
|
| 035 |
|
|
|a BOOK00000093
|
| 090 |
|
|
|a 21287
|
| 100 |
|
|
|a 20011209d1979 km y0rusy50 ca
|
| 101 |
0 |
|
|a rus
|
| 102 |
|
|
|a RU
|
| 105 |
|
|
|a a z 000zy
|
| 200 |
1 |
|
|a Японская художественная традиция
|f Т. П. Григорьева
|
| 210 |
|
|
|a Москва
|c Наука
|d 1979
|
| 215 |
|
|
|a 368 с.
|c ил
|
| 606 |
1 |
|
|a Искусство
|x Теория
|x Философия
|2 stltpush
|3 (RuTPU)RU\TPU\subj\13189
|9 39840
|
| 610 |
1 |
|
|a искусство
|
| 610 |
1 |
|
|a культура
|
| 610 |
1 |
|
|a эстетика
|
| 610 |
1 |
|
|a Япония
|
| 675 |
|
|
|a 7.01
|v 3
|
| 700 |
|
1 |
|a Григорьева
|b Т. П.
|g Татьяна Петровна
|
| 801 |
|
0 |
|a RU
|b 63413507
|c 20011209
|g PSBO
|
| 801 |
|
2 |
|a RU
|b 63413507
|c 20140915
|g PSBO
|
| 942 |
|
|
|c BK
|